MARC

LEADER 00000nas a2200000 a 4500
001 ssj0000070875
003 WaSeSS
005 20200512172242.0
006 m d
007 cr n
008 890727c19889999sp tr p s 0 0spa c
010 |a  89661253   |z sn 89028974  
016 7 |a 101085510  |2 DNLM 
022 |l 1130-8001  |y 1130-8001 
030 |a POLSE4 
035 |a (WaSeSS)ssj0000070875 
040 |a HLS  |b eng  |c HLS  |d HUL  |d DLC  |d NST  |d CAS  |d IUL  |d SYS  |d NLM  |d OCLCQ  |d IUL  |d OCLCQ  |d SERSO  |d HUL  |d IUL  |d OCLCF  |d CUS  |d RDF  |d IUL  |d WaSeSS 
042 |a pcc 
050 0 0 |a H8.S7  |b P65 
130 0 |a Política y sociedad (Madrid, Spain) 
210 1 |a Polít. Soc.  |b (Madr.) 
222 0 |a Política y sociedad  |b (Madrid) 
245 1 0 |a Política y sociedad  |h [electronic resource] :  |b revista de la Universidad Complutense. 
260 |a Madrid :  |b Facultad de Ciencias Políticas y Sociología :  |b Distribución, Siglo XXI de España,  |c [1988- 
310 |a Three no. a year,  |b 1993- 
321 |a Semiannual,  |b 1991-1992 
321 |a Three no. a year,  |b 1989-1990 
321 |a Annual,  |b 1988 
362 0 |a No. 1 (verano 88)- 
500 |a Title from cover. 
500 |a Some issues also have distinctive titles. 
506 |a License restrictions may limit access. 
515 |a Some issues combined. 
588 |a Latest issue consulted: No. 11, published in 1992. 
650 0 |a Social sciences  |v Periodicals. 
650 7 |a Social sciences.  |2 fast  |0 (OCoLC)fst01122877 
655 0 |a Electronic journals. 
710 2 |a Universidad Complutense de Madrid.  |b Facultad de Ciencias Políticas y Sociología. 
850 |a DLC  |a MH  |a NcD 
853 2 0 |8 1  |a v.  |i (year)  |j (season)  |w a 
853 2 0 |8 2  |a v.  |i (year)  |w t 
853 2 0 |8 3  |a v.  |i (year)  |w f 
853 2 0 |8 4  |a v.  |i (year)  |w t 
856 4 0 |z Full text available from Research Library: 01/01/2006 to 6 months ago  |u https://search.proquest.com/publication/55462 
856 4 0 |z Full text available from PRISMA Database with HAPI Index: 01/01/2006 to 01/31/2016  |u https://search.proquest.com/publication/85371 
863 4 0 |8 1.1  |a 1  |i 1988  |j 21 
863 4 0 |8 2.1  |a 2-7  |i 1989-1990 
863 4 0 |8 3.1  |a 8-11  |i 1991-1992 
863 4 1 |8 4.1  |a 12  |i 1993